El Derecho Administrativo Vol 2

Bibliographic Details
Format: eBook
Language:Spanish
Published: Buenos Aires: El Derecho Editorial Jurd̕ica, 2014
Subjects:
Online Access:Acceso restringido

MARC

LEADER 00000nam a22000007a 4500
005 20170314201849.0
007 cr|||| ||||
008 170314s2014 ar |||||s|||| 00||0 spa d
020 |a 978-987-3790-09-6 
035 |a 14847 
040 |a vLex 
090 |c 6604  |d 6604 
245 0 2 |a El Derecho Administrativo  |h [Recurso electrn̤ico] /  |n Vol 2 
256 |a Servicio en ln̕ea 
260 |a Buenos Aires:  |b El Derecho Editorial Jurd̕ica,  |c 2014 
300 |a 1 recurso electrn̤ico (812 p.) 
500 |a Serie especial 
506 1 |a Disponible solo en los productos indicados  |d vLex Global  |d vLex Global (Academic Edition, excluding Law Schools)  |d vLex Global (U.S. Academic Edition, Law Schools)  |d vLex Global (U.S. Academic Edition, excluding Law Schools)  |d vLex Global (Academic Edition, Law Schools) 
650 0 4 |a Derecho Pb︢lico y Administrativo  |z Argentina 
740 0 |a vLex Libros (Servicio en ln̕ea) 
856 4 0 |u http://vlex.com/source/derecho-administrativo-14847  |z Acceso restringido 
942 |c BOOK 
999 0 |a Public and Administrative Law